| 000 | 00734nam a22002177a 4500 | ||
|---|---|---|---|
| 005 | 20081020161552.0 | ||
| 008 | 081020t xxu||||| |||| 00| 0 eng d | ||
| 010 | _aENG-84350 | ||
| 020 | _a8178801833 | ||
| 020 | _c600.00 (hb) | ||
| 035 | _aEN-67883 | ||
| 082 | _a302.2 | ||
| 100 | _aBhatia, Arun | ||
| 245 |
_aEthics of modern communication / _cby Arun Bhatia |
||
| 260 |
_aNew Delhi _bRajat Publications |
||
| 260 | _c2005 | ||
| 300 |
_a279p _c22cm |
||
| 500 | _aIncludes bibliographical references and index | ||
| 942 |
_2ddc _cEN _h302.2 _mBHA |
||
| 999 |
_c17684 _d17684 |
||